Principios éticos y prácticas liberadoras de las religiones Declaración del Simposio sobre Teología Intercultural e Interreligiosa de la Liberación, celebrado dentro del Parlamento delas Religiones del Mundo, los días 11 y 12 de julio de 2004 en Barcelona.

Spremljeno u:
Bibliografski detalji
Glavni autor: Tamayo, Juan José
Autor kompanije: Departamento Ecuménico de Investigaciones (DEI)
Daljnji autori: Fornet-Betancourt, Raúl
Format: Knjiga
Jezik:Spanish
Izdano: San José, Costa Rica DEI 2004
Teme:
Oznake: Dodaj oznaku
Bez oznaka, Budi prvi tko označuje ovaj zapis!

MARC

LEADER 00000nam a22000007a 4500
003 cru CIDCACS/IIS
005 20181127134714.0
008 181127b2004 cr ||||| |||| 00| 0 spa d
999 |c 41920  |d 41920 
040 |c cru CIDCACS/IIS 
090 |a REV0750 (114) 2004 
100 1 |9 454  |a Tamayo, Juan José 
110 2 |9 7636  |a Departamento Ecuménico de Investigaciones (DEI) 
245 |a Principios éticos y prácticas liberadoras de las religiones  |b Declaración del Simposio sobre Teología Intercultural e Interreligiosa de la Liberación, celebrado dentro del Parlamento delas Religiones del Mundo, los días 11 y 12 de julio de 2004 en Barcelona.  |c Juan José Tamayo y Raúl Fornet-Betancourt 
260 |a San José, Costa Rica  |b DEI  |c 2004 
300 |a 34-35 páginas. 
650 0 |9 2795  |a RELIGION 
650 0 |9 194  |a ETICA 
650 0 |9 3285  |a TEOLOGIA DE LA LIBERACION 
700 |9 8017  |a Fornet-Betancourt, Raúl 
773 0 |0 41641  |9 2429  |a Departamento Ecuménico de Investigaciones (DEI)  |d San José, Costa Rica Departamento Ecuménico de Investigaciones (DEI)  |o 20205  |t Pasos / 
942 |2 ddc  |c PP